zpět

Detail výsledku týmu

Hospoda "Na Hrubé", Napajedla

Datum a čas kvízu

16.5 Celkem bodů Celkový počet nahraných bodů na tomto kvízu bez doplňovacích otázek.
7. Pořadí na kvízu Konečné umístění týmu na tomto kvízu.

Zaznamenané odpovědi

# Otázka Odpověď Body Výsledky
1. Jedna česká politička se pochl... Alena Schillerová, lev 1
2. Bezpečnostní složky na kosmodr... raketoplán Buran 0.5
3. Který muž bude v příštích lete... Jiří Bartoška 0
4. Minulý týden jsme se dozvěděli... Kofola 0
5. Jak se jmenuje trenér, který p... Luboš Loučka 0
6. Podíváme se na pět reklam, z n... sázení (sázková kancelář, hazard) 1
7. Tento spot přijala veřejnost o... fazole 0
8. Spot je z roku 2014. Rada pro... T-Mobile 1
9. Tato televizní reklama na Fido... B) hodí panenku na kapotu a posádku omráčí airbagy 1
10. Spot režiséra Jakuba Koháka se... ÚAMK 0